000 00427nam a2200181Ia 4500
003 OSt
005 20221005130336.0
006 a|||||r|||| 00| 0
007 ta
008 221004b |||||||| |||| 00| 0 eng d
024 _a111429
037 _cTextual
040 _aCRL
_cCRL
_beng
041 _2eng
_aeng
245 0 _aRefelection on the report of Royal Commission
942 _cTEXL
_2cc
999 _c1056904
_d1056904